000 00918nas a2200277 4500
001 BR0000766
003 BR-BrBNA
005 20231205101737.0
007 ta
008 230509b bl.|||p| |||| 00| 00por d
040 _aBR-BrBNA
_bpor
_cBiblioteca Nacional de Agricultura
041 _a(Pt)
072 _aL53
100 1 _aBarreto Filho, J.B.
100 1 _aEiras, P.R.S.
100 1 _aGolgher, R.R.
100 1 _aMalard, P.F.
100 1 _aMarques Junior, A.P.
245 1 _aProducao constitutiva e induzida de fatores interferon-like pelas membranas corioamniotica e corioalantoideana da placenta de vacas Zebu (Bos taurus indicus)
650 _aGado Zebu
650 _aMembrana
650 _aPlacenta
773 0 _tRevista Brasileira de Reproducao Animal (Brazil)
_xISSN 0102-0803
_g(Jul-Sep 1999), v. 23(3) p. 168-170
_wBR0000766
909 _a202311
_bLúcia
_c55
_dLúcia Elande
942 _2AGRIS
_n0
_cANA
999 _c163613
_d163613